Skrytá reklama a její problematika

Dokončenie z minulého čísla. Skrytá reklama z pohľadu psychológie. Definovanie vnímania. Objasnenie pojmu správanie. Skrytá reklama a iné vedné disciplíny.

Gespeichert in:
Bibliographische Detailangaben
1. Verfasser: Schovánek, Radek
Format: Buchkapitel
Sprache:Tschechisch
Schlagworte:
Tags: Tag hinzufügen
Keine Tags, Fügen Sie das erste Tag hinzu!

MARC

LEADER 00000naa$a2200000$$$4500
001 0003302
005 20231004101201.8
041 0 |a cze 
044 |a CZ 
245 1 0 |a Skrytá reklama a její problematika  |c aut. Radek Schovánek 
520 |a Dokončenie z minulého čísla. Skrytá reklama z pohľadu psychológie. Definovanie vnímania. Objasnenie pojmu správanie. Skrytá reklama a iné vedné disciplíny. 
610 2 0 |a reklama 
610 2 0 |a propagácia skrytá 
610 2 0 |a psychológia 
100 1 |a Schovánek, Radek